Beyond Vietnam : The United States and Asia

保存先:
書誌詳細
第一著者: Reischauer, Edwin O.
フォーマット: 図書
言語:Undetermined
出版事項: Tokyo Charles E. Tuttle Co. 1970
タグ: タグ追加
タグなし, このレコードへの初めてのタグを付けませんか!
Thư viện lưu trữ: Trung tâm Học liệu Trường Đại học Cần Thơ
LEADER 00480nam a2200181Ia 4500
001 CTU_86835
008 210402s9999 xx 000 0 und d
082 |a 327.5 
082 |b R348 
100 |a Reischauer, Edwin O. 
245 0 |a Beyond Vietnam : 
245 4 |b The United States and Asia 
245 0 |c Edwin O. Reischauer 
260 |a Tokyo 
260 |b Charles E. Tuttle Co. 
260 |c 1970 
904 |i Trúc 
980 |a Trung tâm Học liệu Trường Đại học Cần Thơ